Statistiques concernant Harry Potter en français la base

Cliquez ici pour prendre le quiz!

Statistiques générales

  • Ce quiz a été pris 995 fois
  • Le résultat moyen est 45 sur 54

Statistiques - réponses

questionreponse% Correct
Potterjames
100%
Potterharry
100%
qui a le plus de votes Drago ou Harry (87%) (13%)Harry
100%
Potterlily
99%
Weasleyron
98%
Weasleyginny
97%
Weasleymolly
97%
Weasleyfred
97%
Weasleygeorge
97%
Weasleyarthur
96%
Grangerhermione
95%
Weasleypercy
95%
Weasleybill
95%
Weasleycharlie
95%
embleme serpentardserpent
94%
gryffondorgodric
93%
serpentardsalazar
93%
embleme gryffondorlion
93%
embleme serdaigleaigle
93%
qui a le plus de votes serpentard ou gryffondor (31%) (69%)gryffondor
93%
poufsoufflehelga
92%
serdaiglerowena
92%
prison la plus connue dans le monde des sorciersazkaban
90%
patronus harrycerf
90%
Potter-Weasleyalbus severus
89%
combien y a t-il de joueurs dans une equipe de quidditch7
89%
embleme poufsouffleblaireau
89%
professeur chef serpentardRogue
89%
couleurs gryffondorrouge et or
87%
patronus McGonagallchat
87%
horcruxenagini
87%
professeur chef gryffondorMcGonagall
87%
couleurs serpentardvert et argent
86%
patronus hermioneloutre
84%
Weasley-Grangerrose
83%
horcruxeharry potter
83%
couleurs poufsoufflejaune et noir
83%
professeur chef serdaigleFlitwick
82%
professeur chef poufsouffleChourave
82%
la soeur d'albusariana
80%
patronus albusphenix
79%
Potter-Weasleylily luna
79%
Potter-Weasleyjames sirius
78%
le frere d'albusabelforth
78%
Weasley-Grangerhugo
76%
couleus serdaiglebleu et bronze
75%
le chemin le plus emprinté dans le monde des sorciersle chemin de travers
59%
horcruxediademe de serdaigle
55%
horcruxejournal de tom jedusor
55%
horcruxecoupe de poufsouffle
54%
horcruxemedaillon de serpentard
52%
horcruxebague de gaunt
45%
patronus ronjack russel terrier
36%
patronus dragoil ne sait pas le faire
3%

Distribution des résultats

Percentile par nombre de réponses

% des personnes avec chaque résultat

Votre développement - résultats

Vous n’avez pas pris ce quiz